000 00451nam a2200181Ia 4500
005 20250423101622.0
008 250422s9999 xx 000 0 und d
020 _a9782486361
050 _aKP 77 .A9/
100 _aAguda, O. Oluwadare.
245 0 _aUnderstanding the Nigeria constitution of 1999
260 _aLagos
260 _bMIJ Professional Pub
260 _c2000
300 _a595 p
650 _aConstitution --Nigeria
942 _cBK
999 _c36773
_d36773